Statistics for New Zealand Rugby All Blacks - More than 5 home losses

Click here to take the quiz!

General Stats

  • This quiz has been taken 69 times
  • The average score is 6 of 12

Answer Stats

DefeatsPeriodPlayer% Correct
71990-1998Ian Jones
86%
61986-1994Sean Fitzpatrick
85%
61958-1971Colin Meads
73%
51998-2003Justin Marshall
73%
61994-2001Jonah Lomu
66%
71986-1994John Kirwan
64%
51998-2003Anton Oliver
53%
51993-1998Olo Brown
47%
51977-1982Andy Haden
34%
51986-1994Mike Brewer
32%
51949-1956Tiny White
12%
51992-2001Mark Cooksley
10%

Score Distribution

Percentile by Number Answered

Percent of People with Each Score

Your Score History

You have not taken this quiz